000 00614nam a2200229Ia 4500
003 OSt
005 20220923224814.0
006 a|||||r|||| 00| 0
007 ta
008 Pun
024 _a250,943
037 _cTextual
040 _aARTS
_cARTS
_bPun
041 _2Pun
_aPun
082 _aO153,1:g(Delta), N2
100 _aਸਰਾ, ਗੁਰਮੀਤ ਸਿੰਘ
245 0 _aਰਹੱਸਵਾਦ
260 _c1992
650 _aਪੰਜਾਬੀ ਸਾਹਿਤ
942 _hO153,1:g(Delta), N2
_cTEXL
_2CC
999 _c373780
_d373780